<?xml version="1.0" encoding="UTF-8"?>
<record
    xmlns:xsi="http://www.w3.org/2001/XMLSchema-instance"
    xsi:schemaLocation="http://www.loc.gov/MARC21/slim http://www.loc.gov/standards/marcxml/schema/MARC21slim.xsd"
    xmlns="http://www.loc.gov/MARC21/slim">

  <leader>02684nam a2200397 a 4500</leader>
  <controlfield tag="001">0004179208</controlfield>
  <controlfield tag="003">OSt</controlfield>
  <controlfield tag="005">20260609201834.0</controlfield>
  <controlfield tag="007">ta</controlfield>
  <controlfield tag="008">120223t20112012fr            000 f fre  </controlfield>
  <datafield tag="020" ind1=" " ind2=" ">
    <subfield code="a">9782714448002 :</subfield>
    <subfield code="c">34,95 $</subfield>
  </datafield>
  <datafield tag="024" ind1="3" ind2=" ">
    <subfield code="a">9782714448002</subfield>
  </datafield>
  <datafield tag="040" ind1=" " ind2=" ">
    <subfield code="a">SDM</subfield>
    <subfield code="b">fre</subfield>
    <subfield code="d">QMBND</subfield>
  </datafield>
  <datafield tag="082" ind1="0" ind2="5">
    <subfield code="a">S 5616tcp</subfield>
    <subfield code="2">23</subfield>
  </datafield>
  <datafield tag="091" ind1="0" ind2=" ">
    <subfield code="a">Shriver</subfield>
  </datafield>
  <datafield tag="100" ind1="1" ind2=" ">
    <subfield code="a">Shriver, Lionel,</subfield>
    <subfield code="d">1957-</subfield>
  </datafield>
  <datafield tag="245" ind1="1" ind2="0">
    <subfield code="a">Tout &#xE7;a pour quoi /</subfield>
    <subfield code="c">Lionel Shriver ; traduit de l'am&#xE9;ricain par Mich&#xE8;le L&#xE9;vy-Bram.</subfield>
  </datafield>
  <datafield tag="260" ind1=" " ind2=" ">
    <subfield code="a">Paris :</subfield>
    <subfield code="b">Belfond,</subfield>
    <subfield code="c">2011, c2012.</subfield>
  </datafield>
  <datafield tag="300" ind1=" " ind2=" ">
    <subfield code="a">527 p ;</subfield>
    <subfield code="c">25 cm.</subfield>
  </datafield>
  <datafield tag="500" ind1=" " ind2=" ">
    <subfield code="a">&#xEF;&#xBF;&#xBD;d. originale, 2010.</subfield>
  </datafield>
  <datafield tag="510" ind1="4" ind2=" ">
    <subfield code="a">Notes bibliographiques,</subfield>
    <subfield code="c">http://www.hebdodesnotes.com/analyse/analyse.php/analyse/975196/Tout-ca-pour-quoi</subfield>
  </datafield>
  <datafield tag="520" ind1=" " ind2=" ">
    <subfield code="a">Apr&#xE8;s le choc d'Il faut qu'on parle de Kevin, la nouvelle bombe de Lionel Shriver. Toute sa rage, son audace et son humour au vitriol pour une radioscopie f&#xE9;roce et incisive du couple, de la famille, de la maladie et du r&#xF4;le de l'argent dans notre vie. Un br&#xFB;lot d&#xE9;vastateur. Parfois, le soir, dans les embouteillages, Shep Knacker laisse son esprit divaguer : fuir les humiliations au travail, &#xE9;chapper aux j&#xE9;r&#xE9;miades de son artiste de soeur, aux caprices des enfants, aux discours st&#xE9;riles de son meilleur ami. Quitter tout &#xE7;a, partir sur cette &#xEE;le au large de Zanzibar, dormir, p&#xEA;cher son poisson, lire, r&#xE9;fl&#xE9;chir... Vivre, tout simplement. Un fantasme qu'il touche du doigt le jour o&#xF9; il vend sa soci&#xE9;t&#xE9; pour un petit pactole. Sa d&#xE9;cision est prise. C'est alors que Glynis, son &#xE9;pouse, va briser net ce doux r&#xEA;ve : elle est atteinte d'une maladie rare, &#xE0; un stade d&#xE9;j&#xE0; avanc&#xE9;, et doit commencer au plus vite un traitement exp&#xE9;rimental co&#xFB;teux. Comment faire face &#xE0; ce qui nous fait peur ? Comment affronter ce que l'on passe notre existence &#xE0; fuir ? Combien vaut une vie ?.</subfield>
  </datafield>
  <datafield tag="534" ind1=" " ind2=" ">
    <subfield code="p">Titre original:</subfield>
    <subfield code="t">So much for that.</subfield>
  </datafield>
  <datafield tag="650" ind1=" " ind2="6">
    <subfield code="a">Couples mari&#xEF;&#xBF;&#xBD;s</subfield>
    <subfield code="v">Romans, nouvelles, etc.</subfield>
  </datafield>
  <datafield tag="650" ind1=" " ind2="6">
    <subfield code="a">Femmes malades</subfield>
    <subfield code="v">Romans, nouvelles, etc.</subfield>
  </datafield>
  <datafield tag="650" ind1=" " ind2="6">
    <subfield code="a">Soins m&#xEF;&#xBF;&#xBD;dicaux</subfield>
    <subfield code="x">Co&#xEF;&#xBF;&#xBD;t</subfield>
    <subfield code="z">&#xEF;&#xBF;&#xBD;tats-Unis</subfield>
    <subfield code="v">Romans, nouvelles, etc.</subfield>
  </datafield>
  <datafield tag="650" ind1=" " ind2="6">
    <subfield code="a">&#xEF;&#xBF;&#xBD;v&#xEF;&#xBF;&#xBD;nements stressants de la vie</subfield>
    <subfield code="v">Romans, nouvelles, etc.</subfield>
  </datafield>
  <datafield tag="650" ind1=" " ind2="6">
    <subfield code="a">Retraite</subfield>
    <subfield code="v">Romans, nouvelles, etc.</subfield>
  </datafield>
  <datafield tag="650" ind1=" " ind2="6">
    <subfield code="a">&#xEF;&#xBF;&#xBD;vasion (Psychologie)</subfield>
    <subfield code="v">Romans, nouvelles, etc.</subfield>
  </datafield>
  <datafield tag="650" ind1=" " ind2="6">
    <subfield code="a">Personnes atteintes de cancer</subfield>
    <subfield code="v">Romans, nouvelles, etc.</subfield>
  </datafield>
  <datafield tag="651" ind1=" " ind2="6">
    <subfield code="a">&#xEF;&#xBF;&#xBD;tats-Unis</subfield>
    <subfield code="v">Romans, nouvelles, etc.</subfield>
  </datafield>
  <datafield tag="655" ind1=" " ind2="7">
    <subfield code="a">Romans am&#xEF;&#xBF;&#xBD;ricains</subfield>
    <subfield code="y">21e si&#xEF;&#xBF;&#xBD;cle</subfield>
    <subfield code="2">local</subfield>
  </datafield>
  <datafield tag="655" ind1=" " ind2="7">
    <subfield code="a">Romans psychologiques</subfield>
    <subfield code="2">rvmgf</subfield>
  </datafield>
  <datafield tag="942" ind1=" " ind2=" ">
    <subfield code="2">ddc</subfield>
    <subfield code="c">ROM ADULTE</subfield>
  </datafield>
  <datafield tag="999" ind1=" " ind2=" ">
    <subfield code="c">18887</subfield>
    <subfield code="d">18887</subfield>
  </datafield>
  <datafield tag="952" ind1=" " ind2=" ">
    <subfield code="0">0</subfield>
    <subfield code="1">0</subfield>
    <subfield code="2">ddc</subfield>
    <subfield code="4">0</subfield>
    <subfield code="7">0</subfield>
    <subfield code="a">HENRYVILLE</subfield>
    <subfield code="b">HENRYVILLE</subfield>
    <subfield code="d">2026-06-09</subfield>
    <subfield code="l">0</subfield>
    <subfield code="o">S 5616tcp</subfield>
    <subfield code="p">30001030039079</subfield>
    <subfield code="r">2026-06-09 20:18:50</subfield>
    <subfield code="w">2026-06-09</subfield>
    <subfield code="y">ROM ADULTE</subfield>
  </datafield>
</record>
